| 000 | 01250nam a2200277Ia 4500 | ||
|---|---|---|---|
| 003 | OSt | ||
| 005 | 20220923211524.0 | ||
| 006 | a|||||r|||| 00| 0 | ||
| 007 | ta | ||
| 008 | 220922b |||||||| |||| 00| 0 san d | ||
| 020 |
_a9789380943954 (hbk) _c750 |
||
| 024 | _a348,851 | ||
| 037 |
_b327, 13/03/2019, Eastern Book Linkers _cTextual |
||
| 040 |
_aARTS _cARTS _bsan |
||
| 041 |
_2san _asan |
||
| 082 | _aO15,1x, 152Q8 | ||
| 100 | _aश्रीकृष्ण, 'जुगनू', संपा. | ||
| 245 | 0 |
_aशिलोत्कीर्ण राजप्रशस्ति महाकाव्यम् _b मेवाड़ का अभिकेखीय इतिहास |
|
| 246 | _aShilotkīrṇa rājaprashasti hinākāvyam: mevāड़ kā abhikekhīya itihāsa | ||
| 260 |
_aदिल्ली _b आर्यावर्त्त संस्कृति संस्थान _c2018 |
||
| 300 |
_a303पृ0 _ccm. |
||
| 650 | _a संस्कृत साहित्य | ||
| 650 |
_aसंस्कृत कविता _9156350 |
||
| 942 |
_hO15,1x, 152Q8 _cTEXL _2CC |
||
| 999 |
_c300375 _d300375 |
||